[Event "34th Aegean Open"]
[Site "Aghios Kirykos GRE"]
[Date "2011.07.10"]
[Round "2"]
[White "Zagrebelny,S"]
[Black "Nikomanis,A"]
[Result "1-0"]
[WhiteElo "2485"]
[BlackElo "1980"]

1.e4 c5 2.Nf3 Nc6 3.Bb5 g6 4.Bxc6 dxc6 5.d3 Bg7 6.h3 Nf6 7.Nc3 Nd7 8.O-O e5
9.Be3 Qe7 10.Qd2 Nf8 11.Bh6 f6 12.Bxg7 Qxg7 13.Ne2 Ne6 14.c3 O-O 15.d4 cxd4
16.cxd4 exd4 17.Nfxd4 f5 18.Nxe6 Bxe6 19.exf5 Rad8 20.Qb4 Rxf5 21.Rad1 Rfd5
22.Rxd5 Rxd5 23.Nc3 Re5 24.Qd6 Bf7 25.Qb8+ Be8 26.Qxa7 Qe7 27.Qb8 Kg7 28.Kh2 c5
29.f4 Re6 30.Nd5 Qd7 31.Rd1 Bf7 32.Nc3 Qc6 33.Rd8 Re1 34.Rd6 Qe8 35.Qxe8 Bxe8
36.Rd5 b6 37.Kg3 Bf7 38.Rd7 Re6 39.Kf2 h5 40.Rb7 Rd6 41.Ne4 Rd4 42.Ke3 Kg8
43.Rxb6 Bxa2 44.Nxc5 Rc4 45.Rxg6+ Kf7 46.Rg5 h4 47.Nd3 Kf6 48.Rc5  1-0

[Event "34th Aegean Open"]
[Site "Aghios Kirykos GRE"]
[Date "2011.07.10"]
[Round "2"]
[White "Lavendelis,E"]
[Black "Alexopoulos,A"]
[Result "1-0"]
[WhiteElo "2303"]
[BlackElo "1858"]

1.e4 c5 2.Nf3 Nc6 3.Bb5 Nf6 4.Qe2 g6 5.c3 Qc7 6.O-O Bg7 7.d4 cxd4 8.cxd4 a6
9.Ba4 b5 10.Bc2 e5 11.dxe5 Ng4 12.Nc3 Ncxe5 13.Nxe5 Nxe5 14.Nd5 Qd8 15.f4 Nc6
16.f5 Nd4 17.Qf2 Nxc2 18.f6 Bf8 19.Qxc2 Bd6 20.Bf4 Bxf4 21.Rxf4 Rb8 22.Nc7+ Kf8
23.Rd1 d6 24.Qc6 Bb7 25.Qxd6+ Qxd6 26.Rxd6 g5 27.Rf5 h6 28.Re5 Kg8 29.Re7 a5
30.Rb6 Kh7 31.Rxf7+ Kg6 32.Rg7+ Kh5 33.Ne6 Rbe8 34.Rgxb7  1-0

[Event "38th ch-IND w Challengers"]
[Site "Chennai IND"]
[Date "2011.07.10"]
[Round "11"]
[White "Akshaya,A"]
[Black "Preethi,R"]
[Result "1/2-1/2"]
[WhiteElo "1966"]
[BlackElo "2065"]

1.e4 c5 2.Nf3 Nc6 3.Bb5 g6 4.Bxc6 dxc6 5.d3 Bg7 6.Nc3 Nf6 7.h3 Nd7 8.Be3 Qa5
9.Bd2 Qc7 10.Qc1 h6 11.O-O e5 12.Ne2 Nf8 13.Nh2 Ne6 14.f4 exf4 15.Nxf4 Be5
16.Kh1 Nd4 17.c3 Ne6 18.Be3 Qd6 19.Nxe6 Bxe6 20.Nf3 Bg7 21.d4 g5 22.dxc5 Qd3
23.Bd4 Bxd4 24.Nxd4 O-O-O 25.Re1 Rhg8 26.Qe3 Qc4 27.Nxe6 Qxe6 28.b3 g4 29.Rad1 gxh3
30.Rxd8+ Kxd8 31.gxh3 Kc8 32.Rg1 Rxg1+ 33.Kxg1 f5 34.e5 f4 35.Qxf4 Qxh3 36.Qf8+ Kc7
37.Qf7+ Kc8 38.Qf8+ Kc7 39.Qf7+ Kc8 40.e6 Qe3+ 41.Kf1 Qc1+ 42.Kf2 Qd2+ 43.Kf1 Qc1+
44.Kf2 Qd2+  1/2-1/2

[Event "9th Niki Open"]
[Site "Nachod CZE"]
[Date "2011.07.10"]
[Round "9.42"]
[White "Chmelar,Vitezslav"]
[Black "Dusbaba,P"]
[Result "1/2-1/2"]
[WhiteElo "1930"]
[BlackElo "1835"]

1.e4 c5 2.Nf3 Nc6 3.Bb5 d6 4.Bxc6+ bxc6 5.d3 Bg4 6.h3 Bh5 7.Bg5 Rb8 8.b3 h6
9.Bh4 g5 10.Bg3 Bg7 11.c3 Qa5 12.Qc2 Bxf3 13.gxf3 Nf6 14.Nd2 Nh5 15.Rc1 Nxg3
16.fxg3 Qc7 17.Kf2 Be5 18.Rhg1 d5 19.Rg2 Kd7  1/2-1/2

[Event "86th ch-Paris IdF"]
[Site "Paris FRA"]
[Date "2011.07.10"]
[Round "9.3"]
[White "Fedorchuk,S"]
[Black "David,Alb"]
[Result "1/2-1/2"]
[WhiteElo "2618"]
[BlackElo "2609"]

1.e4 c5 2.Nf3 Nc6 3.Bb5 d6 4.O-O Bd7 5.Re1 Nf6 6.h3 Ne5 7.Bf1 Bc6 8.d3 Nxf3+
9.Qxf3 e5 10.Nd2 Be7 11.Nc4 O-O 12.Ne3 g6 13.Bd2 Ne8 14.Qd1 Ng7 15.b4 b6
16.bxc5 bxc5 17.Rb1 Bg5  1/2-1/2

[Event "Lev Polugaevsky Mem"]
[Site "Samara RUS"]
[Date "2011.07.10"]
[Round "6"]
[White "Gusarov,Aleksey"]
[Black "Solomin,M2"]
[Result "0-1"]
[WhiteElo "1777"]
[BlackElo "2001"]

1.e4 c5 2.Nf3 Nc6 3.Bb5 g6 4.Bxc6 dxc6 5.O-O Bg4 6.h3 Bxf3 7.Qxf3 Bg7 8.Nc3 Nf6
9.d3 Nd7 10.Qe2 e5 11.Be3 Qe7 12.a3 Nf8 13.Na4 Ne6 14.Rfb1 a5 15.Nb6 Ra6
16.Nc4 b5 17.Nd2 O-O 18.a4 f5 19.f3 Rf7 20.Nb3 b4 21.d4 cxd4 22.Qxa6 dxe3
23.exf5 gxf5 24.Nxa5 Nd4 25.Qd3 Qh4 26.Rf1 Bh6 27.c3 Bf4 28.cxd4 Qg3 29.Rfc1 Rg7
30.Qc4+ Kh8 31.Rc2 e2 32.Qxe2 Qh2+ 33.Kf2 Rxg2+ 34.Ke1 Rxe2+ 35.Rxe2 Qg1+  0-1

[Event "St Pauli Open"]
[Site "Hamburg GER"]
[Date "2011.07.11"]
[Round "3.29"]
[White "Kuegel,T"]
[Black "Hawranke,D"]
[Result "1/2-1/2"]
[WhiteElo "2038"]
[BlackElo "2139"]

1.e4 c5 2.Nf3 Nc6 3.Bb5 g6 4.O-O Bg7 5.c3 Nf6 6.Re1 O-O 7.d4 cxd4 8.cxd4 d5
9.e5 Ne4 10.Nbd2 Nxd2 11.Bxd2 Qb6 12.Bxc6 bxc6 13.b4 Bg4 14.Bc3 f6 15.e6  1/2-1/2

[Event "St Pauli Open"]
[Site "Hamburg GER"]
[Date "2011.07.11"]
[Round "4.7"]
[White "Wobbe,S"]
[Black "Meyer,Mal"]
[Result "1/2-1/2"]
[WhiteElo "2180"]
[BlackElo "2315"]

1.e4 c5 2.Nf3 Nc6 3.Bb5 g6 4.Bxc6 dxc6 5.h3 Bg7 6.d3 Nf6 7.O-O Nd7 8.Nc3 O-O
9.Be3 e5 10.Qd2 Re8 11.Nh2 Qe7 12.Bh6 Qf8 13.Bxg7 Qxg7 14.f4 exf4 15.Qxf4 Ne5
16.Nf3 Bd7 17.Nxe5 Rxe5 18.Rf2 Rae8 19.Raf1 Be6 20.Qg3 f5 21.exf5 Bxf5 22.Ne4 Bxe4
23.Rf7 Qxf7 24.Rxf7 Kxf7 25.dxe4 b6 26.a4 c4 27.Qg4 c5 28.a5 R8e7 29.Qc8 Rxe4
30.Qa6 c3 31.bxc3 bxa5 32.Qxa5 R4e5 33.Qd8 h5 34.Qd6 h4 35.Qd2 g5 36.Qd3 Ke8
37.Qg6+ Kd7 38.Qa6 Kd8 39.Qd6+ Kc8 40.Qc6+ Kb8 41.c4 Rc7 42.Qd6 Rf5 43.Qe6 Rcf7
44.Qe8+ Kc7 45.Kh2 Kd6 46.Qd8+ Ke6 47.Qe8+ Kf6 48.Qh8+ Kg6 49.Qg8+ Kh6 50.Qh8+ Rh7
51.Qg8 Rf6 52.Qc8 Re7 53.Qxc5 Re1 54.Qxa7 Rff1 55.Qb6+ Kg7 56.Qc7+ Kf6 57.Qd6+ Kf7
58.Qd7+ Kf6 59.Qd6+ Kg7 60.Qc7+ Kh6 61.Qb6+ Kg7 62.Qc7+  1/2-1/2

[Event "St Pauli Open"]
[Site "Hamburg GER"]
[Date "2011.07.11"]
[Round "4.35"]
[White "Verweyen,Andreas"]
[Black "Hein,R"]
[Result "0-1"]
[WhiteElo "1796"]
[BlackElo "2144"]

1.e4 c5 2.Nf3 Nc6 3.Bb5 a6 4.Bxc6 dxc6 5.d3 g6 6.h3 Bg7 7.O-O e5 8.Be3 b6
9.Qd2 h6 10.Nc3 Be6 11.b3 Qc7 12.Nh2 g5 13.Rab1 Nf6 14.Qe2 a5 15.a3 O-O 16.Qd2 Nh5
17.h4 Nf4 18.g3 Bh3 19.Rfd1 Qe7 20.gxf4 exf4 21.Bxf4 Bxc3 22.Bxg5 hxg5 23.Qxc3 gxh4
24.Nf3 Kh7 25.Kh2 Bg4 26.Rg1 f5 27.Qe5 Qxe5+ 28.Nxe5 Bh5 29.Rg5 Kh6 30.Rbg1 fxe4
31.dxe4 Rxf2+ 32.Kh3 Rxc2 33.Nd7 Rf2 34.e5 Rd8 35.e6 Re8 36.Rg8 Rxg8 37.Rxg8 Re2
38.Nf8 Re4 39.Nd7 Rxe6 40.Kxh4 Re4+ 41.Kg3 Re3+ 42.Kf4 Rf3+ 43.Ke5 Rxb3 44.Rh8+ Kg5
45.Rg8+ Kh4 46.Rb8 c4 47.Rc8 Bf3 48.Kf4 Kh3 49.Ne5 Bd5 50.Nxc4  0-1

[Event "111th ch-SUI"]
[Site "Leukerbad SUI"]
[Date "2011.07.11"]
[Round "5"]
[White "Riff,V"]
[Black "Cebalo,M"]
[Result "1/2-1/2"]
[WhiteElo "2354"]
[BlackElo "2484"]

1.e4 c5 2.Nf3 Nc6 3.Bb5 d6 4.O-O Bd7 5.Re1 Nf6 6.c3 a6 7.Bxc6 Bxc6 8.d4 cxd4
9.cxd4 Bxe4 10.Bg5 d5 11.Nc3 e6 12.Nxe4 dxe4 13.Rxe4 Be7 14.Bxf6 Bxf6 15.d5 O-O
16.dxe6 fxe6 17.Qe2  1/2-1/2

[Event "XXVI Tadeusza Gniota"]
[Site "Police POL"]
[Date "2011.07.11"]
[Round "7.2"]
[White "Neiksans,A"]
[Black "Shishkin,Va UKR"]
[Result "1/2-1/2"]
[WhiteElo "2495"]
[BlackElo "2457"]

1.e4 c5 2.Nf3 Nc6 3.Bb5 g6 4.O-O Bg7 5.Re1 Nf6 6.e5 Nd5 7.Nc3 Nc7 8.Bxc6 dxc6
9.Ne4 Ne6 10.d3 Qc7 11.Bd2 O-O 12.Bc3 b6 13.Qd2 Rd8 14.Qe3 Nd4 15.Bxd4 cxd4
16.Qg5 c5 17.h4 h6 18.Qg3 Be6 19.h5 gxh5 20.Qh4 Bg4 21.Ng3 f5 22.Nxh5 Bxh5
23.Qxh5 e6 24.Nh4 Qf7 25.Qxf7+ Kxf7 26.f4 Rg8 27.Kf2 Bf8 28.Nf3 Be7 29.Rh1 Rg6
30.g3 Rh8 31.Rh5 Kg7 32.b3 b5 33.a4 b4 34.Rg1 Rf8 35.Nh2 a6 36.Kf3 Bd8 37.Rg2 Be7
38.g4 fxg4+ 39.Nxg4 Rf5 40.Rxf5 exf5 41.Nh2 Rxg2 42.Kxg2 Kf7 43.Kh3 Ke6 44.Nf3 Bd8
45.Nd2 Be7 46.Nc4 h5 47.Nd2 Bd8 48.Nf3 Be7 49.Kg3 Bd8 50.Nd2 Be7 51.Kh3 Bf8
52.Kh4 Bh6 53.Kg3 h4+ 54.Kf3 Kd5 55.Nf1 Ke6 56.Nh2 Kd5 57.Nf1  1/2-1/2

[Event "Lev Polugaevsky Mem"]
[Site "Samara RUS"]
[Date "2011.07.11"]
[Round "7"]
[White "Glukhov,A2"]
[Black "Gladkov,D"]
[Result "1/2-1/2"]
[WhiteElo "2072"]
[BlackElo "1967"]

1.e4 c5 2.Nf3 Nc6 3.Bb5 g6 4.O-O Bg7 5.Nc3 Nh6 6.d4 cxd4 7.Nd5 O-O 8.Bg5 Re8
9.h3 f6 10.Bxh6 Bxh6 11.Nxd4 e6 12.Nc3 a6 13.Be2 b5 14.Nb3 Qb6 15.Kh1 Bb7
16.f4 Ne7 17.Bd3 d5 18.exd5 Nxd5 19.Nxd5 Bxd5 20.c3 Qe3 21.Qd2 Qxh3+ 22.Kg1 Qg3
23.Rad1 Rad8 24.Qf2 Qxf2+ 25.Rxf2 Bc4 26.Nc5 Bf8 27.Ne4 Rxd3 28.Rxd3 Bxd3
29.Nxf6+ Kf7 30.Nxe8 Kxe8 31.Kh2 Bd6 32.g3 Ke7 33.b3 a5 34.Kg2 Be4+ 35.Kf1 e5
36.Ke1 Ke6 37.Re2 Kf5 38.Rd2 Bc5 39.fxe5 Kxe5 40.Rd8 Bd6 41.Kf2 a4 42.Ke3 Bc5+
43.Ke2 Bd6 44.Ke3 Bf5 45.Ra8 axb3 46.axb3 Kd5 47.Ra5 Kc6 48.Ra6+ Kc5 49.b4+ Kd5
50.Rb6 Bxg3 51.Rxb5+ Kc6 52.c4 Bd6 53.Ra5 h5 54.Ra6+ Kc7 55.c5 Bh2 56.b5 Bg1+
57.Kf4 Bd3 58.Rf6 Bxb5 59.Rxg6 Bxc5 60.Rg7+ Kd6 61.Rg6+ Ke7 62.Rg5 Bd6+ 63.Ke3 Be8
64.Rg8 Ba4 65.Kf3 Kf6 66.Kg2 Bb3 67.Rd8 Be5 68.Re8 Ba4 69.Rd8 Kg6 70.Kh3 Bb3
71.Re8 Bf6 72.Re1 Bc2 73.Rf1 Bd3 74.Rf3 Be2 75.Rf4 Kg5 76.Ra4 Be5 77.Kg2 Bf4
78.Ra2 Bg4 79.Ra5+ Kf6 80.Ra6+ Kf5 81.Ra8 Be5 82.Rf8+ Bf6 83.Rg8 Be7 84.Rg7 Bd6
85.Rf7+ Kg6 86.Ra7 Be5 87.Ra6+ Kf5 88.Ra4 Bd1 89.Rb4 Be2 90.Ra4 Bf4 91.Ra2 Bc4
92.Ra4 Be6 93.Ra6 Bc8 94.Ra7 Kg4 95.Rg7+ Bg5 96.Rc7 Bf5 97.Rc5 Be4+ 98.Kg1 Be3+
99.Kh2 Bf4+ 100.Kg1 h4 101.Rc4 Bf5 102.Ra4 h3 103.Rb4 Be6 104.Rb2 Bd5 105.Rc2 Bf3
106.Ra2 Kg3 107.Rg2+ Kh4 108.Rf2 Be3 109.Kh2  1/2-1/2

[Event "Lev Polugaevsky Mem"]
[Site "Samara RUS"]
[Date "2011.07.11"]
[Round "7"]
[White "Khazieva,E"]
[Black "Artamonov,V"]
[Result "1-0"]
[WhiteElo "1957"]
[BlackElo "2277"]

1.e4 c5 2.Nf3 Nc6 3.Bb5 g6 4.Bxc6 dxc6 5.d3 Bg7 6.h3 Nf6 7.O-O Nd7 8.Nbd2 e5
9.a3 Qe7 10.Nc4 Nb6 11.Na5 h6 12.Qe1 Be6 13.Be3 O-O 14.b4 cxb4 15.axb4 Rfb8
16.Qc3 Nd7 17.Nb3 a6 18.Ra5 b6 19.Ra4 Rc8 20.Rfa1 a5 21.bxa5 b5 22.R4a2 f5
23.Rb2 b4 24.Qe1 c5 25.Nc1 Qf7 26.Qd1 Rd8 27.Bd2 Nb8 28.Qe2 Nc6 29.c3 fxe4
30.dxe4 b3 31.Qb5 Rdc8 32.Qxc5 Nd4 33.cxd4 Rxc5 34.dxc5 Bc4 35.Bc3 Qe6 36.Nd2 Rb8
37.Ra3 Bf8 38.Ncxb3 Ba6 39.Nf3 Bc4 40.Nbd2 Rxb2 41.Bxb2 Ba6 42.Nb3 Qc4 43.Nfd2 Qc2
44.Bxe5 Bxc5 45.Ra1 Bb4 46.Rc1 Qd3 47.Bf4 g5 48.Be3 Bb5 49.Rc8+ Kf7 50.Nc5 Qe2
51.Nf3 Bxa5 52.Nd4 Qd1+ 53.Kh2 Bf1 54.e5 Qb1 55.e6+ Kf6 56.Rf8+ Ke7 57.Rf7+ Ke8
58.Nc6 Bc4 59.Rb7 Qxb7 60.Nxb7 Bc7+ 61.g3 Bxe6 62.Nd4 Bd5 63.Nc5 Kf7 64.Nf5 h5
65.Bxg5 Ba8 66.Be3 Kf6 67.Nd4 h4 68.Nd3 Be4 69.Nf4 Bb6 70.gxh4 Ke5 71.Nde2 Bc7
72.Kg3 Bb7 73.h5 Kf6 74.Kh4 Bd8 75.Nd4 Kg7+ 76.Kg3 Kh7 77.Nde6 Ba5 78.Bd4 Bc8
79.Kh4 Bd2 80.Be3 Bb4 81.Ng5+ Kh6 82.Nd5 Ba5 83.Ne7 Ba6 84.Ne6+ Kh7 85.Bd4 Kh6
86.Nf8 Bd8 87.Bf6 Bxe7 88.Bxe7 Be2 89.Bg5+ Kg7 90.Ne6+ Kh7 91.f4 Bc4 92.f5 Bb3
93.Nf8+ Kg7 94.Ng6 Bc2 95.h6+ Kh7 96.Nf8+  1-0

[Event "XX Adolf Anderssen Memorial Open"]
[Site "Wroclaw POL"]
[Date "2011.07.11"]
[Round "1"]
[White "Krokay,U"]
[Black "Kislinsky,A"]
[Result "0-1"]
[WhiteElo "1940"]
[BlackElo "2521"]

1.e4 c5 2.Nf3 Nc6 3.Bb5 g5 4.Nxg5 Nf6 5.O-O Rg8 6.d3 Nd4 7.Bc4 d5 8.exd5 b5
9.c3 bxc4 10.cxd4 h6 11.Ne4 Nxe4 12.dxe4 Bh3 13.g3 Bxf1 14.Qxf1 cxd4 15.Qxc4 Rc8
16.Qb5+ Qd7 17.Na3 e5 18.b3 Bxa3 19.Qxd7+ Kxd7 20.Bxa3 Rc2 21.f4 exf4  0-1

[Event "XX Adolf Anderssen Memorial Open"]
[Site "Wroclaw POL"]
[Date "2011.07.11"]
[Round "8"]
[White "Krupa,M"]
[Black "Stachowiak,K"]
[Result "0-1"]
[WhiteElo "2226"]
[BlackElo "2436"]

1.e4 c5 2.Nf3 Nc6 3.Bb5 g6 4.O-O Bg7 5.c3 Nf6 6.Re1 O-O 7.h3 a6 8.Bxc6 bxc6
9.d4 d5 10.exd5 cxd5 11.dxc5 Ne4 12.Be3 Rb8 13.Qc2 Qc7 14.b4 Rxb4 15.cxb4 Bxa1
16.Nbd2 Nxd2 17.Qxd2 Bf6 18.Qxd5 Bb7 19.Qd1 Bc3 20.Bd2 Bxf3 21.gxf3 Rd8 22.Bxc3 Rxd1
23.Rxd1 f6 24.Kg2 Kf7 25.Rd2 g5 26.Bd4 Qc6 27.Be3 Ke8 28.Rd4 Qa4 29.Kg3 h5
30.h4 gxh4+ 31.Kxh4 e5 32.Re4 Qd1 33.Kg3 Kd7 34.Rh4 f5 35.f4 e4 36.Kh2 Kc6
37.Rh3 Qe2 38.a3 Qg4 39.Rg3 Qh4+ 40.Kg2 Qf6 41.Rg5 Kb5 42.Rxh5 Ka4 43.Rh3 Qg6+
44.Rg3 Qh6 45.Rh3 Qg6+ 46.Rg3 Qh6 47.Rh3 Qe6 48.Bd4 Qc4 49.Be5 a5 50.Rc3 Qg8+
51.Rg3 Qd5 52.Bd6 e3+ 53.Kh2 exf2  0-1

[Event "FSFMA July"]
[Site "Budapest HUN"]
[Date "2011.07.12"]
[Round "11.6"]
[White "Winkler,St1"]
[Black "Darazs,Z"]
[Result "0-1"]
[WhiteElo "1864"]
[BlackElo "2133"]

1.e4 c5 2.Nf3 Nc6 3.Bb5 e5 4.Bxc6 dxc6 5.O-O f6 6.h3 Be6 7.d3 Qd7 8.Nbd2 g5
9.g4 h5 10.Kg2 hxg4 11.hxg4 Bxg4 12.Rg1 Bh3+ 13.Kh1 Qh7  0-1

[Event "111th ch-SUI"]
[Site "Leukerbad SUI"]
[Date "2011.07.12"]
[Round "6"]
[White "Cherniaev,A1"]
[Black "Riff,V"]
[Result "1-0"]
[WhiteElo "2440"]
[BlackElo "2354"]

1.e4 c5 2.Nf3 Nc6 3.Bb5 d6 4.O-O Bd7 5.Re1 Nf6 6.h3 g6 7.Bf1 Bg7 8.c3 O-O
9.d4 cxd4 10.cxd4 d5 11.e5 Ne4 12.Qb3 Bc8 13.Nbd2 Nxd2 14.Bxd2 Rb8 15.Bb5 Bf5
16.Bxc6 bxc6 17.Qc3 Qb6 18.b3 Rbc8 19.Rac1 Qa6 20.g4 Be4 21.Ng5 h6 22.Nxe4 dxe4
23.Rxe4 Rfd8 24.Bf4 e6 25.Ree1 Rd5 26.Be3 Bf8 27.Rc2 Qb6 28.Qc4 Kh7 29.Qe2 a5
30.Rc4 Qd8 31.Qf3 Qd7 32.Rec1 Kg8 33.Kg2 Qe8 34.Qe4 Qd7 35.Kg1 Bg7 36.Qc2 c5
37.Qe4 Bf8 38.dxc5 Rc6 39.a3 Bg7 40.Bf4 g5 41.Bg3 Qc7 42.b4 Bxe5 43.Bxe5 Rxe5
44.Qd4 axb4 45.axb4 Rd5 46.Qc3 Ra6 47.Rd4 Rxd4 48.Qxd4 Ra3 49.Rd1 Qb7 50.Qf6 Kh7
51.c6  1-0

[Event "XXVI Tadeusza Gniota"]
[Site "Police POL"]
[Date "2011.07.12"]
[Round "8.18"]
[White "Makukins,Maksims"]
[Black "Maliszewski,J"]
[Result "0-1"]
[WhiteElo "1638"]
[BlackElo "1825"]

1.e4 c5 2.Nf3 Nc6 3.Bb5 g6 4.O-O Bg7 5.c3 d5 6.exd5 Qxd5 7.Bxc6+ Qxc6 8.d4 Bg4
9.Ne5 Bxd1 10.Nxc6 bxc6 11.Rxd1 cxd4 12.cxd4 Rd8 13.Be3 c5 14.Na3 cxd4 15.Nb5 e5
16.Bd2 Rd7 17.Rac1 Ne7 18.Nc7+ Kf8 19.Bb4 Bf6 20.Rc6 Kg7 21.Bxe7 Bxe7 22.Re1 f6
23.Ne6+ Kf7 24.Nc5 Bxc5 25.Rxc5 Rb8 26.b3 d3 27.Rd1 e4 28.Rc3 Rbb7 29.f3 f5
30.fxe4 fxe4 31.Kf2 Rbc7 32.Rcc1 Ke6 33.Ke3 Ke5 34.a3 Re7 35.b4 Kd5 36.a4 Rc4
37.Rb1 Rc2 38.Rd2 Rxd2 39.Kxd2 Kd4 40.b5 e3+ 41.Kd1 Rf7 42.Kc1 Kc3  0-1

[Event "3rd International Open"]
[Site "Rethymno GRE"]
[Date "2011.07.12"]
[Round "3"]
[White "Svetushkin,D"]
[Black "Khabarov,Sergey"]
[Result "1/2-1/2"]
[WhiteElo "2576"]
[BlackElo "2305"]

1.e4 c5 2.Nf3 Nc6 3.Bb5 g6 4.Bxc6 bxc6 5.O-O Bg7 6.c3 Nf6 7.Re1 O-O 8.h3 d6
9.d4 cxd4 10.cxd4 Nd7 11.Nc3 c5 12.Bg5 h6 13.Bh4 cxd4 14.Nxd4 Qb6 15.Nb3 g5
16.Bg3 Bb7 17.h4 a5 18.hxg5 hxg5 19.Qg4 Nf6 20.Qxg5 a4 21.Nc1 Qxb2 22.N1e2 Bxe4
23.Nxe4 Nxe4 24.Qf5 Nxg3 25.Nxg3 e6 26.Qh5 Rfc8 27.Rab1 Qf6 28.Ne4 Qh6 29.Qxh6 Bxh6
30.Nxd6 Rc6 31.Ne4 Rc2 32.a3 Rac8 33.g4 Bf8 34.Re3 Rc1+ 35.Rxc1 Rxc1+ 36.Kg2 Ra1
37.Rd3 Rxa3 38.Rd7 Rb3 39.Nf6+ Kg7 40.Nh5+ Kg6 41.Nf4+ Kf6 42.g5+ Kxg5 43.Rxf7 Bd6
44.Nxe6+ Kg6 45.Ra7 Kf6 46.Ng7 Bc5 47.Ne8+ Ke5 48.Ra5 Rc3 49.Nc7 Rc2 50.Na6 Kd6
51.Nxc5 Rxc5 52.Rxa4 Ke6 53.Rf4 Rc3 54.Rf8 Ke5  1/2-1/2

[Event "Open ch-SVK A"]
[Site "Banska Stiavnica SVK"]
[Date "2011.07.13"]
[Round "5"]
[White "Csiba,D"]
[Black "Sturc,J"]
[Result "1-0"]
[WhiteElo "2355"]
[BlackElo "2019"]

1.e4 c5 2.Nf3 Nc6 3.Bb5 d6 4.d4 cxd4 5.Qxd4 Bd7 6.Bxc6 Bxc6 7.Nc3 Nf6 8.Bg5 Qa5
9.O-O-O Rc8 10.Kb1 e6 11.Rhe1 Qc5 12.Qd2 Nd7 13.Nd5 h6 14.Be3 Qb5 15.Bf4 Nc5
16.b3 Bxd5 17.exd5 Na4 18.Nd4 Qb6 19.c4 Rxc4 20.Ka1 Rxd4 21.Qxd4 Qxd4+ 22.Rxd4 Nb6
23.dxe6 fxe6 24.Bxd6  1-0

[Event "Open ch-SVK A"]
[Site "Banska Stiavnica SVK"]
[Date "2011.07.13"]
[Round "5"]
[White "Zatko,G"]
[Black "Ondrus,M"]
[Result "1/2-1/2"]
[WhiteElo "2076"]
[BlackElo "2313"]

1.e4 c5 2.Nf3 Nc6 3.Bb5 g6 4.O-O Bg7 5.Re1 Nf6 6.c3 O-O 7.d4 d5 8.e5 Ne4
9.Nbd2 cxd4 10.cxd4 Qb6 11.Bxc6 Qxc6 12.Qe2 Nxd2 13.Bxd2 Bg4 14.h3 Bxf3 15.Qxf3 e6
16.Bg5 Qb6 17.Be7 Rfc8 18.Bc5 Qa6 19.Re3 b6 20.Bb4 Rc4 21.Bc3 Rac8 22.h4 Qb7
23.h5 Qc7 24.hxg6 hxg6 25.g3 b5 26.Qf4 b4 27.Bd2 a5 28.b3 Rc2 29.Rf3 Rf8
30.Qg5 Qd8 31.Qe3 Rc6 32.a3 f6 33.axb4 fxe5 34.dxe5 axb4 35.Bxb4 Rxf3 36.Qxf3 Bxe5
37.Ra7 Rc7 38.Ba5 Rc1+ 39.Kg2 Qf6 40.Qe3 Bd4 41.Ra8+ Kg7  1/2-1/2

[Event "3rd Artemis Cup"]
[Site "Leros GRE"]
[Date "2011.07.13"]
[Round "2.7"]
[White "Partac,E"]
[Black "Horvath,Ad1"]
[Result "0-1"]
[WhiteElo "2106"]
[BlackElo "2478"]

1.e4 c5 2.Nf3 Nc6 3.Bb5 e6 4.O-O Nge7 5.Bxc6 bxc6 6.Nc3 Ng6 7.e5 f6 8.exf6 gxf6
9.d4 cxd4 10.Qxd4 d5 11.Re1 e5 12.h4 Be7 13.Qa4 Bd7 14.h5 Nf8 15.Bh6 Rg8
16.Nxe5 fxe5 17.Rxe5 Kf7 18.Qf4+ Bf6 19.Rae1 Rg4 20.Qf3 Kg8 21.Re8 Bxe8 22.Qxg4+ Kf7
23.Re3 Bd7 24.Qf4 Ne6 25.Qf5 Ng7 26.Qxh7 Bf5  0-1

[Event "Myrhorod Open A"]
[Site "Myrhorod UKR"]
[Date "2011.07.13"]
[Round "7.8"]
[White "Naboka,S"]
[Black "Kutsyj,A"]
[Result "1-0"]
[WhiteElo "2140"]
[BlackElo "2339"]

1.e4 c5 2.Nf3 Nc6 3.Bb5 d6 4.Bxc6+ bxc6 5.O-O g6 6.d4 cxd4 7.Qxd4 f6 8.c4 e5
9.Qd3 Nh6 10.Nc3 Nf7 11.Rd1 Be6 12.b4 Bg7 13.a4 O-O 14.Ba3 f5 15.Rac1 f4
16.c5 dxc5 17.Qe2 Qc8 18.b5 cxb5 19.Qxb5 a6 20.Qxc5 Bb3 21.Rd3 Qxc5 22.Bxc5 Rfd8
23.Rxd8+ Rxd8 24.Kf1 Bf6 25.Ke1 Kg7 26.Rb1 Bc4 27.Nd2 Bd3 28.Rb3 Rc8 29.Nd5 Rxc5
30.Rxd3 Bd8 31.Kd1 g5 32.Rc3 Rxc3 33.Nxc3 Bb6 34.f3 Nd6 35.Nd5 Bg1 36.h3 a5
37.Ke2 Nb7 38.Nb3 Kf7 39.Kd3 Bf2 40.Kc4 Nd6+ 41.Kd3 Nb7 42.Nc7 Bb6 43.Nb5 Ke6
44.Kc4 Be3 45.Na3 Nd6+ 46.Kd3 Kf6 47.Nxa5 h5 48.N5c4 Nxc4 49.Nxc4 Bd4 50.Na3 g4
51.hxg4 hxg4 52.a5  1-0

[Event "Najdorf Memorial"]
[Site "Warsaw POL"]
[Date "2011.07.13"]
[Round "1.25"]
[White "Deszczynski,A"]
[Black "Stremavicius,T"]
[Result "1-0"]
[WhiteElo "2374"]
[BlackElo "2094"]

1.e4 c5 2.Nf3 Nc6 3.Bb5 d6 4.Bxc6+ bxc6 5.O-O e5 6.Re1 g6 7.c3 Bg7 8.d4 cxd4
9.cxd4 exd4 10.Nxd4 Ne7 11.Nc3 O-O 12.Bg5 Bb7 13.Qd2 Re8 14.Rad1 Qc7 15.Qf4 Be5
16.Qh4 Bxd4 17.Bxe7 Bxf2+ 18.Qxf2 Rxe7 19.Re2 Rd7 20.Red2 a6 21.Na4 Rad8
22.Qb6 Qc8 23.h3 Ba8 24.Qf2 Re7 25.Rxd6 Rxd6 26.Rxd6 Rxe4 27.Qf6 Re8 28.Nc5 Qf5
29.Qxf5 gxf5 30.Nxa6 Kg7 31.Nc5 Rb8 32.Rd2 Rb5 33.Rc2 Kf6 34.Kf2 Ke7 35.a3 Kd6
36.b4 Ke7 37.Rd2 Ke8 38.Rd4 h6 39.Ke3 Bb7 40.a4 Rb6 41.a5 Rb5 42.a6 Rxc5
43.bxc5 Bxa6 44.Rd6 Bf1 45.Kf2 Bb5 46.Rxh6  1-0

[Event "SPA Open A"]
[Site "Amsterdam NED"]
[Date "2011.07.14"]
[Round "6"]
[White "Testa,Ad"]
[Black "Hendriks,Th"]
[Result "1-0"]
[WhiteElo "2269"]
[BlackElo "2053"]

1.e4 c5 2.Nf3 Nc6 3.Bb5 g6 4.Bxc6 dxc6 5.d3 Bg7 6.h3 Nf6 7.Nc3 Nd7 8.Be3 e5
9.Qd2 Qe7 10.Bh6 O-O 11.O-O-O b5 12.g4 b4 13.Ne2 c4 14.dxc4 Nc5 15.Ng3 Bxh6
16.Qxh6 a5 17.Rhg1 f6 18.Nf5 Qf7 19.Qe3 Qxc4 20.Nd6 Qxa2 21.Qxc5 Qa1+ 22.Kd2 Qxb2
23.Qc4+ Kg7 24.Nxc8 Rfxc8 25.Qb3 Qxb3 26.cxb3 a4 27.bxa4 Rxa4 28.Ra1 Rxa1
29.Rxa1 c5 30.Ra7+ Kg8 31.Rb7 Rd8+ 32.Kc2 Ra8 33.Nd2 Ra3 34.Rb5 Rc3+ 35.Kd1 Kf7
36.h4 Ke6 37.Rb6+ Kf7 38.g5 fxg5 39.hxg5 Ke7 40.Rf6 Rh3 41.Rf3 Rh5 42.Rg3 Rh1+
43.Kc2 Rh2 44.Rf3 Rg2 45.Nb3 Rxg5 46.Nxc5 Kd6 47.Nd3 Rg4 48.Re3 Rg2 49.Kb3 h5
50.Rg3 Rxg3 51.fxg3 g5 52.Kxb4 h4 53.gxh4 gxh4 54.Nf2 Kc6 55.Kc4  1-0

[Event "Najdorf Memorial"]
[Site "Warsaw POL"]
[Date "2011.07.14"]
[Round "2"]
[White "Kantans,T"]
[Black "Macieja,B"]
[Result "0-1"]
[WhiteElo "2345"]
[BlackElo "2612"]

1.e4 c5 2.Nf3 Nc6 3.Bb5 d6 4.Bxc6+ bxc6 5.O-O Bg4 6.e5 dxe5 7.h3 Bxf3 8.Qxf3 Qc7
9.b3 Nf6 10.Bb2 Nd7 11.Re1 e6 12.Na3 Be7 13.Nc4 f6 14.Qg4 O-O 15.Qxe6+ Rf7
16.a4 Nb6 17.Ba3 Rd8 18.d3 Bf8 19.Nd2 Nd5 20.Ne4 Nb4 21.Qc4 Qb6 22.Re2 h6
23.Rae1 Rd4 24.Qe6 Rd7 25.Bc1 Nd5 26.Qf5 Kh8 27.Kh1 Rd8 28.Qg6 Rfd7 29.Ng3 Nc3
30.Re3 Nd5 31.Re4 Ne7 32.Qg4 Rd4 33.f4 Rxe4 34.Rxe4 exf4 35.Bxf4 Nd5 36.Bd2 Qc7
37.Nh5 Qf7 38.Re2 Bd6 39.Ng3 Bxg3 40.Qxg3 Re8 41.Qe1 Rxe2 42.Qxe2 Nb4 43.Be1 Qd5
44.d4 Qf5 45.dxc5 Nxc2 46.Bc3 a5 47.Bxa5 Nd4 48.Qe3 Qb1+ 49.Kh2 Nxb3 50.Bc7 Qd1
51.Qe8+ Kh7 52.Qe4+ Kh8 53.Qxc6 Nd2 54.Qb5 f5 55.h4 Nf1+ 56.Kg1 Nd2+ 57.Kf2 Ne4+
58.Ke3 Qd2+  0-1

[Event "Najdorf Memorial"]
[Site "Warsaw POL"]
[Date "2011.07.14"]
[Round "2.25"]
[White "Kukawski,M"]
[Black "Lewtak,Da"]
[Result "1/2-1/2"]
[WhiteElo "2338"]
[BlackElo "2093"]

1.e4 c5 2.Nf3 Nc6 3.Bb5 g6 4.O-O Bg7 5.c3 Nf6 6.Qa4 O-O 7.d4 cxd4 8.cxd4 a6
9.d5 Rb8 10.Bd3 b5 11.Qa3 Na5 12.Bd2 Nb7 13.Qxa6 Nd6 14.Qa7 Rb7 15.Qe3 Ng4
16.Qf4 Bxb2 17.Nc3 Nf6 18.Rab1 Nc4 19.Bxc4 bxc4 20.Qh6 Ng4 21.Qh4 d6 22.h3 Ne5
23.Ng5 h5 24.f4 Qb6+ 25.Kh1 Qd4 26.fxe5 Qxd2 27.Na4 Bxe5 28.Nb6 Bf6 29.Nf3 Qe3
30.Qe1 Qxe1 31.Rfxe1 Rc7 32.e5 Bxe5 33.Nxe5 dxe5 34.Rxe5 Bf5 35.Rc1 c3 36.a4 Rc5
37.Rxe7 Rb8 38.Nd7 Bxd7 39.Rxd7 Kf8 40.d6 c2 41.Rc7 Rc8 42.Rxc8+ Rxc8  1/2-1/2

[Event "Open ch-SVK A"]
[Site "Banska Stiavnica SVK"]
[Date "2011.07.15"]
[Round "7"]
[White "Csiba,D"]
[Black "Jacko,V2"]
[Result "1-0"]
[WhiteElo "2355"]
[BlackElo "2200"]

1.e4 c5 2.Nf3 Nc6 3.Bb5 g6 4.Bxc6 bxc6 5.c3 Bg7 6.d4 Qb6 7.O-O Nh6 8.Qc2 O-O
9.h3 d5 10.dxc5 Qxc5 11.Be3 Qa5 12.e5 f6 13.exf6 exf6 14.b4 Qc7 15.Nbd2 Nf5
16.Bc5 Re8 17.Rfe1 Ba6 18.a4 Be2 19.a5 Kf7 20.Nd4 Nxd4 21.Bxd4 Bh6 22.Nb3 Bc4
23.Nc5 Bf4 24.Kh1 Be5 25.Qd2 Bf4 26.Qc2 Be5 27.Qd1 Re7 28.Qd2 Rae8 29.Be3 Qc8
30.Nd3 Qf5 31.Nxe5+ fxe5 32.Bc5 Rd7 33.Re3 Kg8 34.Rf3 Qe6 35.Re1 Rf7 36.Rfe3 Qf5
37.Rf3 Qe6 38.Rxf7 Qxf7 39.a6 Qf5 40.Bxa7 Bxa6 41.Bd4 Re6 42.Bc5 g5 43.Re3 e4
44.Qa2 Bc8 45.Qa5 Re8 46.Rg3 h5 47.Qc7 h4 48.Bd4 Bd7 49.Rg4 Kf7 50.Be3 Rg8
51.Bxg5 Ke6 52.Bxh4 Rxg4 53.hxg4 Qxg4 54.Qd8 Qg7 55.Kg1 Qf7 56.g4 Qg7 57.Kf1 Qf7
58.b5 e3 59.b6 c5 60.c4 e2+ 61.Ke1 Qg7 62.b7 Qc3+ 63.Kxe2 Qxc4+ 64.Kf3 Qe4+
65.Kg3 Qe5+ 66.Kh3  1-0